00350nam a2200121 a 450000100100000000500170001000800410002704000250006808200140009324500260010726000670013330000280020000004836020201002061109.0190212s2009 dr a r 000 0 spa d aDO-SdBNPbspacBNPHU axxxbM29400aManual del misionero. aSanto Domingo :bConferencia del Episcopado Dominicano,c2009. a158 p. :bil. ;c21 cm.